Normal view
MARC view
Entry Geographic Name
001 - CONTROL NUMBER
- control field: 21820
003 - CONTROL NUMBER IDENTIFIER
- control field: ARRUPE
005 - DATE AND TIME OF LATEST TRANSACTION
- control field: 20160126142259.0
008 - FIXED-LENGTH DATA ELEMENTS
- fixed length control field: 160126|| aca||aabn | a|a d
040 ## - CATALOGING SOURCE
- Original cataloging agency: ARRUPE
- Transcribing agency: ARRUPE
151 ## - HEADING--GEOGRAPHIC NAME
- Geographic name: Midlands (England)
- General subdivision: Fiction
670 ## - SOURCE DATA FOUND
- Source citation: Work cat.: (ARRUPE)84674: Young, Francis Brett 9771, The City of Gold